书目信息 |
| 题名: |
城市化进程中的农民土地权利保障
|
|
| 作者: | 张千帆 , 党国英 , 高新军 著 | |
| 分册: | ||
| 出版信息: | 北京 中国民主法制出版社 2013.01 |
|
| 页数: | 277页 | |
| 开本: | 24cm | |
| 丛书名: | 大国宪治丛书 | |
| 单 册: | ||
| 中图分类: | F321.1 | |
| 科图分类: | ||
| 主题词: | 农民--土地所有权--保障--研究--中国 , 农民 , 土地所有权 , 保障 | |
| 电子资源: | ||
| ISBN: | 978-7-5162-0182-4 | |
| 000 | 01301oam2 2200325 450 | |
| 001 | 0000500020461 | |
| 005 | 20130427084203.26 | |
| 010 | @a978-7-5162-0182-4@dCNY45.00 | |
| 100 | @a20121217d2013 em y0chiy50 ea | |
| 101 | 0 | @achi |
| 102 | @aCN@b110000 | |
| 105 | @ak z 000yy | |
| 106 | @ar | |
| 200 | 1 | @a城市化进程中的农民土地权利保障@9cheng shi hua jin cheng zhong de nong min tu di quan li bao zhang@dConstitutional protection of peasant land rights in urbanization@f张千帆,党国英,高新军等著@zeng |
| 210 | @a北京@c中国民主法制出版社@d2013.01 | |
| 215 | @a277页@d24cm | |
| 225 | 2 | @a大国宪治丛书 |
| 330 | @a本书在广泛实地调研的基础上,论证了中国土地管理制度的改革之道。中国的土地管理者需要转变国家主义思维,还原集体土地使用权的财产权属性,让农村城市化按照自愿交易的市场规律自然发生并和强制征地彻底脱钩。 | |
| 461 | 0 | @12001 @a大国宪治丛书@1701 0@a张千帆@4主编 |
| 510 | 1 | @aConstitutional protection of peasant land rights in urbanization@zeng |
| 606 | 0 | @a农民@x土地所有权@x保障@x研究@y中国 |
| 606 | 0 | @a农民 |
| 606 | 0 | @a土地所有权 |
| 606 | 0 | @a保障 |
| 690 | @aF321.1@v5 | |
| 701 | 0 | @a张千帆@9zhang qian fan@4著 |
| 701 | 0 | @a党国英@9dang guo ying@4著 |
| 701 | 0 | @a高新军@9gao xin jun@4著 |
| 801 | 0 | @aCN@bRENTIAN@c20121217 |
| 905 | @b542071-75@dF321.1@e135@f5 | |
| 城市化进程中的农民土地权利保障=Constitutional protection of peasant land rights in urbanization/张千帆,党国英,高新军等著.-北京:中国民主法制出版社,2013.01 |
| 277页;24cm.-(大国宪治丛书) |
| ISBN 978-7-5162-0182-4:CNY45.00 |
| 本书在广泛实地调研的基础上,论证了中国土地管理制度的改革之道。中国的土地管理者需要转变国家主义思维,还原集体土地使用权的财产权属性,让农村城市化按照自愿交易的市场规律自然发生并和强制征地彻底脱钩。 |
| ● |
| 相关链接 |
|
|
|
|
正题名:城市化进程中的农民土地权利保障
索取号:F321.1/135
 
预约/预借
| 序号 | 登录号 | 条形码 | 馆藏地/架位号 | 状态 | 备注 |
| 1 | 542071 | 205420711 | 第一样本阅览室/ [索取号:F321.1/135] | 在馆 | |
| 2 | 542072 | 205420720 | 第一借阅区/ [索取号:F321.1/135] | 在馆 | |
| 3 | 542073 | 205420739 | 第一借阅区/ [索取号:F321.1/135] | 在馆 | |
| 4 | 542074 | 205420748 | 第一借阅区/ [索取号:F321.1/135] | 在馆 | |
| 5 | 542075 | 205420757 | 第一借阅区/ [索取号:F321.1/135] | 在馆 |